Code Cracker! XII Quiz Stats

Quiz Updated Jan 16, 2018

Also try: Code Cracker! XI
Challenge
Share
Tweet
Score 0/171 Timer 04:00
4 Plays Today
% Correct
100%
Q​
100%
✔​
100%
X​
100%
X​
100%
✔​
93.2%
E​
93.2%
E​
93.2%
E​
93.2%
E​
93.2%
E​
93.2%
E​
93.2%
E​
93.2%
E​
93.2%
E​
93.2%
E​
93.2%
E​
93.2%
E​
93.2%
E​
93.2%
E​
93.2%
E​
93.2%
E​
93.2%
✔​
93.1%
I​
93.1%
I​
93.1%
I​
93.1%
I​
93.1%
I​
93.1%
I​
93.1%
I​
93.1%
I​
93.1%
I​
93.1%
I​
93.1%
I​
93.1%
I​
93.1%
I​
93.1%
I​
93.1%
92.2%
N​
92.2%
N​
92.2%
N​
92.2%
N​
92.2%
N​
92.2%
N​
92.2%
✔​
91.7%
U​
91.7%
U​
91.7%
U​
91.7%
✔​
91.3%
O​
91.3%
O​
91.3%
O​
91.3%
O​
91.3%
O​
91.3%
O​
91.3%
O​
91.3%
✔​
89.6%
% Correct
A​
89.6%
A​
89.6%
A​
89.6%
A​
89.6%
A​
89.6%
A​
89.6%
A​
89.6%
A​
89.6%
A​
89.6%
A​
89.6%
A​
89.6%
A​
89.6%
✔​
87.4%
S​
87.4%
S​
87.4%
S​
87.4%
S​
87.4%
✔​
86.6%
T​
86.6%
T​
86.6%
T​
86.6%
T​
86.6%
T​
86.6%
T​
86.6%
T​
86.6%
T​
86.6%
T​
86.6%
✔​
85.9%
P​
85.9%
P​
85.9%
P​
85.9%
P​
85.9%
P​
85.9%
✔​
85.6%
H​
85.6%
H​
85.6%
H​
85.6%
H​
85.6%
H​
85.6%
✔​
84.5%
W​
84.5%
W​
84.5%
W​
84.5%
W​
84.5%
W​
84.5%
✔​
82.4%
G​
82.4%
G​
82.4%
G​
82.4%
✔​
81.7%
L​
81.7%
L​
81.7%
L​
81.7%
L​
81.7%
L​
81.7%
L​
81.7%
L​
81.7%
% Correct
L​
81.7%
L​
81.7%
L​
81.7%
✔​
81.7%
R​
81.7%
R​
81.7%
R​
81.7%
R​
81.7%
R​
81.7%
R​
81.7%
R​
81.7%
✔​
80.9%
B​
80.9%
B​
80.9%
B​
80.9%
B​
80.9%
B​
80.9%
B​
80.9%
B​
80.9%
✔​
78.4%
Y​
78.4%
Y​
78.4%
Y​
78.4%
Y​
78.4%
✔​
77.9%
D​
77.9%
D​
77.9%
D​
77.9%
D​
77.9%
D​
77.9%
D​
77.9%
✔​
77.3%
V​
77.3%
V​
77.3%
V​
77.3%
V​
77.3%
✔​
73.8%
Z​
73.8%
Z​
73.8%
Z​
73.8%
Z​
73.8%
Z​
73.8%
✔​
73.1%
J​
73.1%
J​
73.1%
✔​
71.1%
C​
71.1%
C​
71.1%
C​
71.1%
✔​
70.5%
K​
70.5%
K​
70.5%
✔​
69.6%
M​
69.6%
✔​
67.4%
F​
67.4%
F​
67.4%

You're not logged in!

Compare scores with friends on all Sporcle quizzes.
Sign Up with Email
OR
Log In

You Might Also Like...

Show Comments

Extras

Top Quizzes Today


Score Distribution

Your Account Isn't Verified!

In order to create a playlist on Sporcle, you need to verify the email address you used during registration. Go to your Sporcle Settings to finish the process.

Report this User

Report this user for behavior that violates our Community Guidelines.

Details: